Indira Gandhi (Record no. 4348)

MARC details
000 -LEADER
fixed length control field 00368nam a22001697a 4500
005 - DATE AND TIME OF LATEST TRANSACTION
control field 20160628092948.0
008 - FIXED-LENGTH DATA ELEMENTS--GENERAL INFORMATION
fixed length control field 160628b xxu||||| |||| 00| 0 eng d
020 ## - INTERNATIONAL STANDARD BOOK NUMBER
ISBN 019565645-8
041 ## - LANGUAGE CODE
Language code of text/sound track or separate title eng
082 ## - DEWEY DECIMAL CLASSIFICATION NUMBER
Item number 10531
100 ## - MAIN ENTRY--AUTHOR NAME
Personal name Dhar, P.N.
245 ## - TITLE STATEMENT
Title Indira Gandhi
260 ## - PUBLICATION, DISTRIBUTION, ETC. (IMPRINT)
Name of publisher Oxford
Year of publication 2001
300 ## - PHYSICAL DESCRIPTION
Number of Pages 370
650 ## - SUBJECT ADDED ENTRY--TOPICAL TERM
Topical Term Management
942 ## - ADDED ENTRY ELEMENTS (KOHA)
Koha item type Books
Holdings
Lost status Damaged status Collection code Home library Current library Shelving location Date acquired Cost, normal purchase price Full call number Accession Number Koha item type
    LIFE SKILL JRU Library JRU Library SHELF-103-B 28/06/2016 295.00 10531 10531 Books